Global media culture and identity: theory cases and approaches (Record no. 160614)
[ view plain ]
| 000 -LEADER | |
|---|---|
| fixed length control field | 00684nam a2200241Ia 4500 |
| 003 - CONTROL NUMBER IDENTIFIER | |
| control field | OSt |
| 005 - DATE AND TIME OF LATEST TRANSACTION | |
| control field | 20250627144130.0 |
| 008 - FIXED-LENGTH DATA ELEMENTS--GENERAL INFORMATION | |
| fixed length control field | 210423s2011 xx 000 0 und d |
| 020 ## - INTERNATIONAL STANDARD BOOK NUMBER | |
| International Standard Book Number | 9780415877916 |
| 040 ## - CATALOGING SOURCE | |
| Transcribing agency | AL |
| 041 ## - LANGUAGE CODE | |
| Language code of text/sound track or separate title | eng |
| 082 ## - DEWEY DECIMAL CLASSIFICATION NUMBER | |
| Classification number | 070.1 |
| Edition number | 23 |
| Item number | CHOG |
| 100 ## - MAIN ENTRY--PERSONAL NAME | |
| Personal name | Rohit Chopra |
| 9 (RLIN) | 89688 |
| 245 ## - TITLE STATEMENT | |
| Title | Global media culture and identity: theory cases and approaches |
| 260 ## - PUBLICATION, DISTRIBUTION, ETC. | |
| Place of publication, distribution, etc. | New York |
| Name of publisher, distributor, etc. | Routledge |
| Date of publication, distribution, etc. | 2011 |
| 300 ## - PHYSICAL DESCRIPTION | |
| Extent | xviii,258 |
| Other physical details | PB |
| 365 ## - TRADE PRICE | |
| Price amount | 2104 |
| Currency code | INR |
| 650 ## - SUBJECT ADDED ENTRY--TOPICAL TERM | |
| Topical term or geographic name entry element | General |
| 9 (RLIN) | 89689 |
| 650 ## - SUBJECT ADDED ENTRY--TOPICAL TERM | |
| Topical term or geographic name entry element | Mass Media |
| 9 (RLIN) | 89690 |
| 700 ## - ADDED ENTRY--PERSONAL NAME | |
| Personal name | Gajjala, Radhika |
| 9 (RLIN) | 216285 |
| 906 ## - LOCAL DATA ELEMENT F, LDF (RLIN) | |
| a | approaches. ; cases ; culture ; Global ; identity: ; media ; theory |
| 942 ## - ADDED ENTRY ELEMENTS (KOHA) | |
| Source of classification or shelving scheme | Dewey Decimal Classification |
| Koha item type | Book |
| Withdrawn status | Lost status | Source of classification or shelving scheme | Damaged status | Not for loan | Collection code | Home library | Current library | Date acquired | Source of acquisition | Cost, normal purchase price | Total Checkouts | Full call number | Barcode | Date last seen | Price effective from | Koha item type |
|---|---|---|---|---|---|---|---|---|---|---|---|---|---|---|---|---|
| Dewey Decimal Classification | MAJMC | St Aloysius PG Library | St Aloysius PG Library | 06/22/2012 | Knowledge World | 2104.00 | 070.1 CHOG | PG007093 | 08/24/2022 | 04/26/2021 | Book |